000
00233nam a2200097Ia 4500
008
230206s9999 xx 000 0 und d
041
_a
eng
100
_a
Pande B, Ed.
_9
119242
245
_a
Personnel Today
260
_c
2010
_b
NIPM
_a
Kolkata
999
_c
97694
_d
97694